| 000 | 00633na a2200217 4500 | ||
|---|---|---|---|
| 001 | 23159 | ||
| 003 | MIRAKIL | ||
| 005 | 20181213155213.0 | ||
| 008 | 170724b tu 000 0 | ||
| 040 |
_aMilas _btur _cTR-AnCHP |
||
| 041 | _atur | ||
| 082 |
_aCHP 324.2172 _bÖ41k [2015] |
||
| 090 | _aCHP 324.2172 Ö41k [2015] | ||
| 100 |
_aÖlçen, Ali Nejat _d1922- |
||
| 245 |
_aKöklerinden koparılan CHP _cAli Nejat Ölçen |
||
| 260 |
_a[y.y.] _b[yayl.y.] _c[2015] |
||
| 650 |
_aSiyaset ve yönetim _xTürkiye |
||
| 650 |
_aTarih _xCHP |
||
| 650 |
_aSiyasi partiler _xSosyal demokrat partiler _yCHP _zTürkiye |
||
| 942 |
_2ddc _cBKS |
||
| 999 |
_c8442 _d8442 |
||